Filmograhie de Jean-Pierre Melville en images. - Statistiques

Statistiques générales
  • Ce quiz a été pris 14 fois
  • Le résultat moyen est 6 sur 12
Statistiques - réponses
Par images Réponse % Correct
L'Armée des ombres
92%
Le cercle rouge
85%
Le Samouraï
85%
Le Doulos
62%
Un flic
62%
Léon Morin, prêtre
54%
Le Deuxième Souffle
38%
Les Enfants terribles
38%
Le Silence de la mer
38%
Bob le flambeur
31%
Deux hommes dans Manhattan
15%
Quand tu liras cette lettre
15%
Aucun quiz correspondant
Distribution des résultats
% des personnes avec chaque résultat
Percentile par nombre de réponses
Votre historique - résultats
Vous n’avez pas pris ce quiz